Responses for Show #9001 - Monday, December 25, 2023

2023-2024 Second Chance competition week 1, final game 2.

Contestants

[<< previous game]

Iris Masucci, a pharmacist from Rockville, Maryland (subtotal of $2,400)

Jason Carpenter, a stand-up comic from Santa Rosa Valley, California (subtotal of $16,200)

Juveria Zaheer, a psychiatrist from Whitby, Ontario, Canada (subtotal of $51,200)

[next game >>]

Jeopardy! Round responses

BATS ENTERTAINMENT
GETTING POSSESSIVE
HOBBIES
LET ME PHRASE IT THIS WAY
RIDE INTO...
THE MANGER ZONE
    $200 13
42

Juveria
    $200 30
a locomotive

Juveria
    $200 29
calligraphy

Juveria
    $200 28
red

Jason
    $200 26
Argentina

Jason
    $200 27
Bethlehem

Jason
    $400 12
Geena Davis

Iris
    $400 15
(Jason: What is Murphy's?)
[Ken does not rule.]
(Jason: What is [*]?)
(Ken: Yes, [*] is correct.)

Murphy's law

Jason
    $400 22
Sudoku

Juveria
    $400 24
rent free

Jason
    $400 25
Tombstone

Jason
    $400 23
the inn

Iris
    $600 11
The Natural

Iris
    $600 14
Lay's (potato chips)

Juveria
    $600 16
genealogy

Juveria
    $600 21
"Bye, Felicia"

Jason
    $600 20
Valencia

Jason
    $600 19
gold, frankincense & myrrh

Iris
    $800 3
(Juveria: Who is Jimmy Stewart?)

Gary Cooper

JuveriaIris
    $800 1
Robert's Rules (of Order)

Juveria
    $800 17
pickling

Juveria
    $800 6
the joy of missing out

Juveria
    $800 8
(Juveria: What is... Tunis?)

Tripoli

Juveria
Triple Stumper
    $800 18
Egypt

Jason
    $1000 4
The Sandlot

Jason
    $1000 2
Ford's Theater

Jason
    $2,000 5
(Ken: Jason?)
(Jason: What is Regency?)

the Restoration

Jason
    $1000 10
Ps & Qs

Juveria
    $1000 7
(Jason: What is the Gulf of Aden?)
(Iris: What is the Persian Gulf?)

the Gulf of Aqaba

JuveriaJasonIris
    $1000 9
King Herod

Jason

Scores at the first commercial break (after clue 15):

Juveria Jason Iris
$2,800 $400 $800

Scores at the end of the Jeopardy! Round:

Juveria Jason Iris
$5,000 $3,800 $1,800

Double Jeopardy! Round responses

I'VE SEEN HER TYPE BEFORE
SCIENCE & NATURE
'80s NO. 1 HITMAKERS
AGES, EPOCHS & ERAS
AFRICAN AMERICANA
TOLD YOU "SO"
    $400 30
Agatha Christie

Juveria
    $400 29
tortoises

Iris
    $400 28
Tina Turner

Juveria
    $400 27
Australia

Iris
    $400 26
the Mississippi

Juveria
    $400 25
sober

Jason
    $800 12
Pearl Buck

Jason
    $800 23
a largemouth bass

Jason
    $800 17
Janet Jackson

Juveria
    $800 22
the Jet Age

Juveria
    $800 19
a wedding

Iris
    $800 24
social

Juveria
    $1200 10
Grand Hotel

Juveria
    $1200 20
the Great Barrier Reef

Jason
    $1200 1
Hall & Oates

Juveria
    $1200 18
(Jason: What's the Jurassic?)

the Cretaceous

Jason
Triple Stumper
    $1200 4
Henry Louis Gates

Jason
    $1200 5
soapstone

Triple Stumper
    $1600 8
Sylvia Plath

Juveria
    $5,000 9
belladonna

Juveria
    $1600 15
Rick Astley

Jason
    $1600 6
the Gilded Age

Jason
    $1600 2
(Jason: What is "The Ballad of [*]"?)

"Stagger Lee"

Jason
    $1600 14
Soweto

Iris
    $2000 11
Hansberry

Juveria
    $2000 13
(Juveria: What is "Decidoptera"?)

Lepidoptera

Juveria
Triple Stumper
    $2000 16
"I Think We're Alone Now"

Iris
    $2000 7
the Cambrian

Jason
    $2000 3
Gullah

Jason
    $2000 21
a sobriquet

Juveria

Scores at the end of the Double Jeopardy! Round:

Juveria Jason Iris
$19,600 $15,800 $7,000
(lock tournament)

[wagering suggestions for these scores]

Final Jeopardy! Round responses

FAMOUS NAMES IN AMERICA
(Ken: [To Jason] That is correct, P.T. Barnum's elephant, [*].)
IrisWhat is???
$5,000
JasonWhat is Jumbo? Merry Xmas, peace on earth ☮
$10,000
JuveriaWhat is??
$0
Jumbo

Final scores:

Juveria Jason Iris
$19,600 $25,800 $2,000

Cumulative scores:

Juveria Jason Iris
$70,800 $42,000 $4,400
Tournament champion: $35,000 + advance to the 2023 Champions Wildcard tournament 1st runner-up: $20,000 2nd runner-up: $10,000

Game dynamics:

Coryat scores:

Juveria Jason Iris
$16,200 $17,800 $7,000
23 R
(including 2 DDs),
3 W
22 R,
3 W
(including 1 DD)
10 R,
1 W

Combined Coryat: $41,000

[game clues] [game scores] [suggest correction]

Game tape date: 2023-11-28
The J! Archive is created by fans, for fans. Scraping, republication, monetization, and malicious use prohibited; this site may use cookies and collect identifying information. See terms. The Jeopardy! game show and all elements thereof, including but not limited to copyright and trademark thereto, are the property of Jeopardy Productions, Inc. and are protected under law. This website is not affiliated with, sponsored by, or operated by Jeopardy Productions, Inc. Join the discussion at JBoard.tv.